Ministerpräsidenten Preußens 1848-1945 - mit Bild - Statistiken

Allgemein
  • Dieses Quiz wurde 37 mal gespielt
  • Das Durchschnittsergebnis liegt bei 6 aus 22
Antwortstatistiken
Bildquiz Hint Antwort % Korrekt
1862-1872, 1873-1890
parteilos
Otto von Bismarck
94%
1933-1945
NSDAP
Hermann Göring
62%
1932, 1933
parteilos
Franz von Papen
59%
1932-1933
parteilos
Kurt von Schleicher
38%
1890-1892
parteilos
Leo von Caprivi
38%
1909-1917
parteilos
Theobald von Hollweg
32%
1900-1909
parteilos
Bernhard von Bülow
29%
1917
parteilos
Georg Michaelis
29%
1894-1900
parteilos
Chlodwig zu Hohenlohe
26%
1925
Zentrum
Wilhelm Marx
26%
1920-1921, 1921-1925, 1925-1932
SPD
Otto Braun
24%
1917-1918
Zentrum
Georg von Hertling
21%
1848-1850
parteilos
Friedrich von Brandenburg
18%
1862
parteilos
Adolf zu Hohenlohe
15%
1873
parteilos
Albrecht von Roon
15%
1892-1894
DkP
Botho zu Eulenburg
9%
1918-1919
USPD
zusammen mit nachfolgendem
Heinrich Ströbel
9%
1918-1920
SPD
1918-1919 zusammen mit vorangegangenem
Paul Hirsch
9%
1918
NLP, später DDP
Robert Friedberg
9%
1850-1858
parteilos
Otto von Manteuffel
6%
1921
Zentrum
Adam Stegerwald
3%
1858-1862
parteilos
Karl von Hohenzollern
3%
Keine übereinstimmenden Quizze gefunden
Verteilung der Resultate
Anzahl Personen mit jedem Resultat
Perzentil nach korrekt beantworteten Fragen
Ihre Resultats-Entwicklung
Sie haben dieses Quiz noch nicht gespielt